eve dönüş yolu (Record no. 860871)

MARC details
000 -LEADER
sabit uzunluktaki kontrol alanı 00233nam a2200097Ia 4500
001 - KONTROL NUMARASI
kontrol alanı 860871
005 - EN SON İŞLEMİN TARİH VE ZAMANI
kontrol alanı 20250826175400.0
008 - SABİT-UZUNLUKTA VERİ ÖĞELERİ--GENEL BİLGİ
sabit uzunluktaki kontrol alanı 250824s9999 xx 000 0 und d
245 #0 - ESER / YAZAR
ESER ADI eve dönüş yolu
Yazar Adı corrinne averiss
260 ## - YAYIN, DAĞITIM, VB.
YAYIN EVİ KETEBE
Holdings
Düşüm durumu Kayıp durumu Hasar Durumu Ödünç verilmez Ana kütüphane Geçerli Kütüphane Edinilen tarih Toplam ödünç verme sayısı Barkod İade tarihi Son görüntüleme tarihi Son ödünç verme tarihi Fiyatın geçerli olmaya başladığı tarih Koha materyal türü
        HAKİM ÖMER ONSUN İLKOKULU HAKİM ÖMER ONSUN İLKOKULU 24.08.2025 10 10618239 09.05.2026 24.04.2026 24.04.2026 26.08.2025 Books